Colons and coolies : (Record no. 15033)

000 -LEADER
fixed length control field 00426cam a2200145 a 4500
020 ## - INTERNATIONAL STANDARD BOOK NUMBER
ISBN 9789744801012
040 ## - CATALOGING SOURCE
Transcribing agency DLC
082 ## - DEWEY DECIMAL CLASSIFICATION NUMBER
Classification number 633 WHI 2007 A053 Co.
100 1# - MAIN ENTRY--AUTHOR NAME
Personal name Slocomb, Margaret.
245 10 - TITLE STATEMENT
Title Colons and coolies :
Remainder of title the development of Cambodia's rubber plantations /
260 ## - PUBLICATION, DISTRIBUTION, ETC. (IMPRINT)
Place of publication Bangkok :
Name of publisher White Lotus Press,
Year of publication c2007.
300 ## - PHYSICAL DESCRIPTION
Number of Pages xii, 180 p. :
Other physical details ill., map ;
Dimensions 21 cm.
650 #0 - SUBJECT ADDED ENTRY--TOPICAL TERM
Topical Term Rubber plantations
942 ## - ADDED ENTRY ELEMENTS (KOHA)
Koha item type សៀវភៅភាសាអង់គ្លេស
952 ## - LOCATION AND ITEM INFORMATION (KOHA)
Withdrawn status [LOCAL, KOHA] 0
Holdings
Permanent Location Date acquired Koha item type Lost status Shelving location Barcode Current Location Full call number
Library Block A2017-11-02សៀវភៅភាសាអង់គ្លេស A053A08399Library Block A633 WHI 2007 A053 Co.
មជ្ឈមណ្ឌលឯការនៃសាកលវិទ្យាល័យភូមិន្ទកសិកម្មចំការដូង

Powered by Koha